|
|
|
|
| LEADER |
02371nam a2200637 4500 |
| 001 |
ocn822229970 |
| 003 |
OCoLC |
| 005 |
20170124071136.4 |
| 006 |
m o d |
| 007 |
cr un|---uuuuu |
| 008 |
121218s2013 nju sb 001 0 eng |
| 010 |
|
|
|a 2012050740
|
| 040 |
|
|
|a DLC
|b eng
|c DLC
|d YDX
|d EBLCP
|d YDXCP
|d N$T
|d DG1
|d IDEBK
|d E7B
|d OCLCF
|d DEBSZ
|d UKDOC
|d CDX
|d RECBK
|d GrThAP
|
| 019 |
|
|
|a 864425637
|a 865011732
|a 961609440
|a 962587079
|
| 020 |
|
|
|a 9781118188309 (Adobe PDF)
|
| 020 |
|
|
|a 1118188306 (Adobe PDF)
|
| 020 |
|
|
|a 9781118188316 (ePub)
|
| 020 |
|
|
|a 1118188314 (ePub)
|
| 020 |
|
|
|a 9781118188323 ( MobiPocket)
|
| 020 |
|
|
|a 1118188322 ( MobiPocket)
|
| 020 |
|
|
|z 9781118188286 (cloth)
|
| 020 |
|
|
|a 9781118188293
|
| 020 |
|
|
|a 1118188292
|
| 020 |
|
|
|a 1118188284
|
| 020 |
|
|
|a 9781118188286
|
| 024 |
7 |
|
|a 10.1002/9781118188293
|2 doi
|
| 029 |
1 |
|
|a AU@
|b 000050305005
|
| 029 |
1 |
|
|a CHBIS
|b 010441733
|
| 029 |
1 |
|
|a CHVBK
|b 334085896
|
| 029 |
1 |
|
|a DEBSZ
|b 392093200
|
| 029 |
1 |
|
|a DEBSZ
|b 431362793
|
| 029 |
1 |
|
|a DKDLA
|b 820120-katalog:000654363
|
| 029 |
1 |
|
|a NZ1
|b 15341502
|
| 035 |
|
|
|a (OCoLC)822229970
|z (OCoLC)864425637
|z (OCoLC)865011732
|z (OCoLC)961609440
|z (OCoLC)962587079
|
| 050 |
0 |
0 |
|a TG405
|
| 072 |
|
7 |
|a TEC
|x 009100
|2 bisacsh
|
| 082 |
0 |
0 |
|a 624.2/52
|2 23
|
| 049 |
|
|
|a MAIN
|
| 100 |
1 |
|
|a Xu, You-Lin,
|d 1952-
|
| 245 |
1 |
0 |
|a Wind effects on cable-supported bridges
|h [electronic resource] /
|c You-Lin Xu.
|
| 264 |
|
1 |
|a Hoboken, NJ :
|b John Wiley & Sons Inc.,
|c 2013.
|
| 300 |
|
|
|a 1 online resource.
|
| 336 |
|
|
|a text
|b txt
|2 rdacontent
|
| 337 |
|
|
|a computer
|b c
|2 rdamedia
|
| 338 |
|
|
|a online resource
|b cr
|2 rdacarrier
|
| 504 |
|
|
|a Includes bibliographical references and index.
|
| 588 |
|
|
|a Description based on print version record and CIP data provided by publisher.
|
| 650 |
|
0 |
|a Cable-stayed bridges.
|
| 650 |
|
0 |
|a Wind-pressure.
|
| 650 |
|
7 |
|a TECHNOLOGY & ENGINEERING
|x Civil
|x Bridges.
|2 bisacsh
|
| 650 |
|
7 |
|a Cable-stayed bridges.
|2 fast
|0 (OCoLC)fst01715654
|
| 650 |
|
7 |
|a Wind-pressure.
|2 fast
|0 (OCoLC)fst01175736
|
| 655 |
|
4 |
|a Electronic books.
|
| 776 |
0 |
8 |
|i Print version:
|a Xu, You-Lin, 1952-
|t Wind effects on cable-supported bridges
|d Hoboken, NJ : John Wiley & Sons Inc., 2013
|z 9781118188286
|w (DLC) 2012038933
|
| 856 |
4 |
0 |
|u https://doi.org/10.1002/9781118188293
|z Full Text via HEAL-Link
|
| 994 |
|
|
|a 92
|b DG1
|